000 01828nam a2200289 a 4500
001 ASIN3034607083
003 OSt
005 20180116192423.0
008 140703s2011 xxu eng d
020 _a3034607083 (paperback)
_c$84.95
020 _a9783034607087 (paperback)
040 _csada
050 0 4 _aNA7126
082 0 4 _a728
100 _97631
245 1 0 _aFloor plan manual /
_cedited by Oliver Heckmann and Friederike Schneider.
250 _a4th Revised and Extended Edition.
260 _a[S.l.] :
_bBirkhauser,
_c2011.
300 _a336 p. ;
_c33 cm.
520 _aThis housing construction design manual documents and analyzes some 130 international residential structures from the last fifty years. From the standardized floor plans of the 1960s to the more individual concepts of the 1980s and the changed requirements and housing types of recent years, example structures by famous and lesser known architects from throughout the world showcase the tremendous variety of possible designs. The categorization of projects from a town planning perspective is supplemented by the detailed typological description of the relevant housing types. Every project is presented with its typical floor plans to a scale of 1:200; sections, site plans, and photographs illuminate each buildings structure and situation. In addition to incorporating some forty new projects, this new edition now contains figure-ground diagrams that highlight the most salient features of the floor plans, making them even easier to compare.
650 0 _aArchitecture, Domestic
_97632
650 0 _aArchitecture, Domestic--Planning
_97633
650 0 _aFloor plans
_97634
700 1 _aHeckmann, Oliver.
_97635
856 4 0 _3Amazon.com
_uhttp://www.amazon.com/exec/obidos/ASIN/3034607083/chopaconline-20
942 _2ddc
_cBK
999 _c353976
_d353976